Más allá de la modularidad: la ciencia cognitiva desde la perspectiva del desarrollo

Αποθηκεύτηκε σε:
Λεπτομέρειες βιβλιογραφικής εγγραφής
Κύριος συγγραφέας: Karmiloff-Smith, Annette (Συγγραφέας)
Μορφή: Βιβλίο
Γλώσσα:Ισπανικά
Έκδοση: Madrid Alianza 1994
Σειρά:Psicología Minor, 11
Θέματα:
Ετικέτες: Προσθήκη ετικέτας
Δεν υπάρχουν, Καταχωρήστε ετικέτα πρώτοι!

MARC

LEADER 00000cam a2200000 a 4500
001 UCQ3015
003 CL-VaPUC
008 980817e19940000SP |||||||||||||||||spa|d
082 0 4 |a 370.15  |b KAR  |2 21 
100 |a Karmiloff-Smith, Annette  |e author  |9 499010 
245 1 0 |a Más allá de la modularidad: la ciencia cognitiva desde la perspectiva del desarrollo 
300 |a 292 p 
942 |c BK 
945 |d 19980817 00:00:00  |a aarredon 
260 |a Madrid  |b Alianza  |c 1994 
650 0 |a Cognición   |9 270347 
650 0 |a Psicología del aprendizaje  |9 306854 
650 0 |a Desarrollo mental   |9 313003 
650 0 |a Psicología educacional   |9 307830 
650 0 |a Psicología del niño  |9 307305 
583 |a last modification  |c 20140925 05:03:01  |k Rodrigo Vera 
490 0 |a Psicología Minor, 11 
999 |c 273687  |d 273685 
952 |0 0  |1 0  |4 0  |6 370_150000000000000_KAR_1994  |7 0  |8 A  |9 309492  |a BIBEDU  |b BIBEDU  |d 2019-11-20  |i 3655962  |l 1  |o 370.15 KAR 1994  |p 3655962  |r 2022-07-14  |s 2022-06-15  |w 2019-11-20  |y BK  |k PSI 
952 |0 0  |1 0  |4 0  |6 370_150000000000000_KAR_1994  |7 0  |8 A  |9 309493  |a FDOPOS  |b FDOPOS  |d 2019-11-20  |i 3684482  |o 370.15 KAR 1994  |p 3684482  |r 2025-01-22  |w 2019-11-20  |y BK  |k MLA 
952 |0 0  |1 0  |4 0  |6 370_150000000000000_KAR_1994  |7 0  |8 A  |9 309494  |a FDOPOS  |b FDOPOS  |d 2019-11-20  |i 3719480  |o 370.15 KAR 1994  |p 3719480  |r 2025-01-22  |w 2019-11-20  |y BK  |k MLA 
952 |0 0  |1 0  |3 erb  |4 0  |6 370_150000000000000_KAR_1994  |7 0  |8 A  |9 309495  |a BIBEDU  |b BIBEDU  |i 511487K  |o 370.15 KAR 1994  |p 511487K  |r 2019-11-20  |w 2019-11-20  |y BK  |z Catalogado en:20140925  |k EPE